L'echristianisme et L'Empire Romain de Néron a Théodose (Registro nro. 85937)

Detalles MARC
000 -ENCABEZADO
Número de control [NR] 00776nam a22002297a 4500
008 - DE LONGITUD FIJA DE DATOS DE ELEMENTOS - INFORMACIÓN GENERAL
Elementos de longitud fija [NR] 130821s1925 fr gr fre
040 ## - FUENTE DE CATALOGACION [NR]
Agencia de catalogación original [NR] Co-BoUCM
Idioma de catalogación [NR] spa
041 00 - CODIGO DE IDIOMA [R]
Código de idioma para texto/pista de sonido o título separado [R] Francés
100 ## - ASIENTO PRINCIPAL--NOMBRE PERSONAL [NR]
Nombre personal [NR] Allard, Paul
ID Autoridad 149683
245 03 - MENCION DE TITULO [NR]
Título [NR] L'echristianisme et L'Empire Romain de Néron a Théodose
Mención de responsabilidad, etc. [NR] Paul Allard
250 ## - MENCION DE EDICION [NR]
Mención de edición [NR] 9a. ed
260 ## - PUBLICACION, DISTRIBUCION, ETC. (PIE DE IMPRENTA) [R]
Lugar de publicación, distribución, etc. [R] París (Francia)
Nombre del editor, distribuidor, etc. [R] Librairie Victor Lecoffre
Fecha de publicación, distribución, etc. [R] 1925
300 ## - DESCRIPCION FISICA [R]
Extensión [R] 333 páginas
650 04 - ASIENTO SECUNDARIO DE MATERIA - TERMINO TEMATICO [R]
Término temático o nombre geográfico como elemento de entrada [NR] Cristianismo
9 (RLIN) 12174
650 04 - ASIENTO SECUNDARIO DE MATERIA - TERMINO TEMATICO [R]
Término temático o nombre geográfico como elemento de entrada [NR] Cristianismo
Subdivisión geográfica [R] Roma
9 (RLIN) 12174
650 04 - ASIENTO SECUNDARIO DE MATERIA - TERMINO TEMATICO [R]
Término temático o nombre geográfico como elemento de entrada [NR] Emperadores romanos
9 (RLIN) 14070
650 04 - ASIENTO SECUNDARIO DE MATERIA - TERMINO TEMATICO [R]
Término temático o nombre geográfico como elemento de entrada [NR] Imperio
Subdivisión cronológica [R] 30 a. C.-476
9 (RLIN) 7714
651 ## - ASIENTO SECUNDARIO DE MATERIA - NOMBRE GEOGRAFICO [R]
Nombre geográfico [NR] Italia
9 (RLIN) 26640
651 ## - ASIENTO SECUNDARIO DE MATERIA - NOMBRE GEOGRAFICO [R]
Nombre geográfico [NR] Roma (Italia)
9 (RLIN) 27287
651 ## - ASIENTO SECUNDARIO DE MATERIA - NOMBRE GEOGRAFICO [R]
Nombre geográfico [NR] Roma (Italia)
Subdivisión geográfica [R] Italia
Subdivisión cronológica [R] Imperio, 30 a. C.-476 d. C.
9 (RLIN) 149684
942 ## - ELEMENTOS DE ENTRADA AGREGADOS (KOHA)
Tipo de ítem principal el descrito en 300a Libro
Tema principal Religión
Edición 9
Parte restante de la signatura top. A55
Título oculto en OPAC No
Sistema de clasificación DEWEY
Clasificación 209
Existencias
Signatura topográfica Código de barras Última vez visto Volúmen / Fascículo Ejemplar Price effective from Tipo de ítem Perdido Sistema de clasificación Dañado No prestable Tipo de ítem específico Suprimido Ubicación habitual Ubicación actual Localización Fecha de creación Forma de adquisición Costo
FCS 209 A55 120000013 05/07/2012 9A. ED Ej.1 03/02/2013 Libro   DEWEY     Fondos especiales     Archivo Histórico Archivo histórico 28/02/2003 Donación 1000.00